Statistics for Christmas characters by picture

Click here to take the quiz!

General Stats

  • This quiz has been taken 44 times
  • The average score is 8 of 13

Answer Stats

Answer% Correct
Grinch
93%
Santa Claus
91%
Nutcracker
88%
Gingerbread Man
84%
Frosty the Snowman
81%
Rudolph the red nosed reindeer
77%
Mrs. Claus
65%
Buddy the elf
63%
Elf on the Shelf
60%
Cindy Lou Who
37%
Jack Skellington
37%
Heat Miser
21%
Snow Miser
12%

Score Distribution

Percentile by Number Answered

Percent of People with Each Score

Your Score History

You have not taken this quiz